Countries by Any 3 Letters Quiz Stats

 Plays Quiz Updated Feb 13, 2019

Support Sporcle.
Go Orange.
Score 0/197 Timer 07:00
18 Plays Today
Country % Correct
United States of America
97.6%
St. Vincent & The Grenadines
97.1%
Solomon Islands
96.6%
New Zealand
96.5%
Netherlands
96.4%
Thailand
96.3%
Ireland
96.1%
Finland
96%
Poland
96%
Dominican Republic
95.9%
United Arab Emirates
95.7%
Switzerland
95.7%
Iceland
95.7%
Mauritania
95.6%
Afghanistan
95.3%
Tunisia
95.1%
Central African Republic
95%
Antigua and Barbuda
94.9%
Marshall Islands
94.9%
Turkmenistan
94.9%
United Kingdom
94.8%
Nigeria
94.5%
Austria
94.4%
Algeria
94.4%
Australia
93.8%
Bosnia and Herzegovina
93.7%
China
93.1%
Pakistan
92.9%
Somalia
92.7%
Vatican City
92.6%
St. Kitts and Nevis
92.5%
Belarus
92.4%
Kazakhstan
92.4%
Indonesia
92%
Uzbekistan
91.8%
Romania
91.6%
North Korea
91.5%
South Africa
91.5%
South Korea
91.4%
Malaysia
91.4%
Trinidad and Tobago
91.4%
Micronesia
91.4%
Russia
91.3%
Kyrgyzstan
91.1%
Canada
91%
Tajikistan
90.9%
Rwanda
90.8%
South Sudan
90.8%
Uganda
90.7%
Guatemala
90.3%
Slovenia
90.2%
Albania
90.1%
São Tomé and Príncipe
89.7%
Norway
89.6%
Mongolia
89.3%
Andorra
89.3%
Papua New Guinea
88.9%
Germany
88.8%
Palestine
88.3%
Liberia
88.2%
Estonia
88%
Chile
87.9%
Japan
87.8%
India
87.4%
Panama
87.2%
Equatorial Guinea
87%
Country % Correct
Tanzania
86.9%
Sweden
86.8%
North Macedonia
85.9%
Lithuania
85.8%
Dem. Rep. of the Congo
85.7%
France
85.6%
Argentina
85.3%
Armenia
85.1%
Nicaragua
85.1%
Malawi
84.9%
Suriname
84.9%
Timor-Leste
84.9%
Niger
84.6%
Denmark
84.5%
Czechia
84.5%
The Gambia
83.7%
Paraguay
83.5%
Belgium
83.3%
Guinea-Bissau
83.2%
Mali
83.1%
Dominica
83.1%
Eswatini
83.1%
Rep. of the Congo
82.8%
Belize
82.7%
Costa Rica
82.6%
Maldives
82.6%
Malta
82.5%
Bhutan
82.4%
Grenada
82.3%
Cyprus
81.6%
Montenegro
80.7%
Colombia
80.6%
Uruguay
80.2%
Zambia
80.1%
Bulgaria
79.9%
Saudi Arabia
79.9%
Portugal
79.6%
Cambodia
79.5%
Brazil
79.4%
Monaco
79%
Burkina Faso
78.9%
Greece
78.3%
Singapore
78.1%
Namibia
77.9%
Syria
77.7%
Bahrain
77.7%
Jamaica
77.3%
Iran
77.3%
Spain
77.2%
St. Lucia
76.9%
Bangladesh
76.2%
Cameroon
76.2%
Guinea
76.2%
San Marino
75.7%
Serbia
75.6%
Bahamas
75.4%
Comoros
75.2%
Iraq
75%
Oman
75%
Botswana
74.9%
Mexico
74.4%
Vietnam
74.4%
Italy
74.3%
Latvia
74.1%
Madagascar
73.6%
Nepal
72.8%
Country % Correct
Bolivia
72.6%
Burundi
72.2%
Turkey
71.6%
Sri Lanka
71.5%
Philippines
71.2%
Palau
71%
Ukraine
71%
Cote d'Ivoire
70.1%
Ghana
69.9%
Zimbabwe
69.8%
Croatia
69.7%
Lebanon
69.7%
Yemen
69.6%
Guyana
69.6%
Seychelles
68.8%
Egypt
68.3%
Israel
68.2%
Venezuela
68%
Sudan
67.7%
Slovakia
67.7%
Libya
67.2%
Jordan
67%
Cuba
66.7%
Angola
66.6%
Peru
66.3%
Haiti
66.2%
Mozambique
66%
Morocco
65.9%
Liechtenstein
65.7%
Ethiopia
65.3%
Honduras
65.2%
Hungary
65%
Nauru
64.1%
Myanmar
64%
Barbados
63.3%
Luxembourg
63.3%
Eritrea
63.1%
Kenya
63.1%
Ecuador
62.9%
Chad
62.5%
Azerbaijan
61%
Mauritius
60.4%
Fiji
59.9%
Laos
59.6%
El Salvador
59.5%
Lesotho
58.5%
Georgia
58.3%
Senegal
57.4%
Djibouti
57%
Qatar
56.5%
Vanuatu
56%
Benin
55.9%
Kiribati
55.3%
Tonga
55.2%
Kosovo
54.7%
Kuwait
53.9%
Togo
53.7%
Taiwan
53.5%
Brunei
51.2%
Moldova
51.1%
Gabon
49.3%
Tuvalu
49%
Samoa
49%
Cabo Verde
46.7%
Sierra Leone
45.5%

You're not logged in!

Compare scores with friends on all Sporcle quizzes.
OR
Log In
Forgot?

From the Vault

Animated Pixar Characters

by NoodleDoodle

Movies 8m
These cartoon characters are so happy, they just can't sit still.
Remove Ads.
Support Sporcle.
Get the best of Sporcle when you Go Orange. This ad-free experience offers more features, more stats, and more fun while also helping to support Sporcle. Thank you for becoming a member.

Show Comments

Extras

Top Quizzes Today


Score Distribution

Your Account Isn't Verified!

In order to create a playlist on Sporcle, you need to verify the email address you used during registration. Go to your Sporcle Settings to finish the process.

Report this User

Report this user for behavior that violates our Community Guidelines.

Details: